Biblioteca

Studies in the birth of the Lord (Registro nro. 46065)

Detalles MARC
000 -LÍDER
Campo fijo de descripción fija 01503aam a2200325 i 4500
001 - NÚMERO DE CONTROL
Campo de control 768714001
003 - IDENTIFICADOR DEL NÚMERO DE CONTROL
Campo de control CO-MdFUSB
005 - FECHA Y HORA DE LA ULTIMA TRANSACCIÓN
control field 20201027105504.0
007 - CAMPO FIJO DE DESCRIPCIÓN FIJA--INFORMACIÓN GENERAL
Campo fijo de descripción fija ta
008 - ELEMENTOS DE LONGITUD FIJA -- INFORMACIÓN GENERAL
Campo fijo de descripción fija -- Información general 200517t1932 enk |||| |||| 00| 0 eng d
020 ## - NÚMERO INTERNACIONAL NORMALIZADO PARA LIBROS
Número Internacional Normalizado del libro [No incluye ISBN]
040 ## - FUENTE DE CATALOGACIÓN
Idioma de catalogación spa.
Agencia de catalogación original CO-MdFUSB
Agencia que realiza la transcripción CO-MdFUSB
Agencia que realiza la modificación CO-MdFUSBC
Convenciones de la descripción rda
041 ## - CÓDIGO DE IDIOMA
Código de idioma para texto/pista de sonido o título separado eng
082 ## - NÚMERO DE CLASIFICACIÓN DECIMAL DEWEY
Número de la edición del Dewey 23
Número de clasificación 232.921
Clave de autor-Numero de item W919
100 1# - ASIENTO PRINCIPAL--NOMBRE PERSONAL
Nombre personal Worcester, Elwood
Término relacionador autor
245 10 - TÍTULO
Título del Material Studies in the birth of the Lord
Mención de responsabilidad, etc. / Elwood Worcester
264 #1 - PRODUCCIÓN, PUBLICACIÓN, DISTRIBUCIÓN, MANUFACTURA, Y COPYRIGHT
Lugar de producción, publicación, distribución, manufactura New York :
Nombre del productor, publicador, distribuidor Charles Scribner's Sons,
Fecha de producción, publicación, distribución, manufactura, o copyright [1932]
264 #4 - PRODUCCIÓN, PUBLICACIÓN, DISTRIBUCIÓN, MANUFACTURA, Y COPYRIGHT
Fecha de producción, publicación, distribución, manufactura, o copyright © 1932
300 ## - DESCRIPCIÓN FÍSICA
Extensión xvi, 300 páginas
Dimensiones ; 21 cm
336 ## - TIPO DE CONTENIDO
Término de tipo de contenido texto
Código de tipo de contenido txt
Fuente rdacontent
337 ## - TIPO DE MEDIO
Fuente rdamedia
Nombre del tipo de medio sin mediación
Código del tipo de medio n
338 ## - TIPO DE SOPORTE
Fuente rdacarrier
Nombre del tipo de soporte volumen
Código Tipo de soporte nc
505 ## - NOTA DE CONTENIDO
Nota de contenido con formato preestablecido Estudios en el nacimiento del Señor - Las narrativas - San Mateo y San Lucas - La motivación de los cuentos del nacimiento - La motivación de la recitación de San Mateo -La motivación bíblica de la narrativa de San Lucas - Palimpsesto siríaco - Los primeros textos - Genealogías - Análisis de la narración de San Lucas - Las fuentes de San Lucas - Expectativas judías del Mesías - El Espíritu Santo - Filón de Alejandría - Los nacimientos de Zoroastro y de Mitra - Influencias budistas - Simeón y Asita - Los Reyes Magos - El Talmud - Toledoth Jeshua - Protoevangeliuim - Una solución provisional
563 ## - NOTA DE ENCUADERNACIÓN
Nota de encuadernación Pasta dura
600 07 - ASIENTO SECUNDARIO DE MATERIA - NOMBRE PERSONAL
Nombre personal Jesucristo
653 ## - TÉRMINO DE INDIZACIÓN - NO CONTROLADO
Término no controlado Nacimiento virginal
942 ## - TIPO DE MATERIAL (KOHA)
Tipo de Item KOHA Libros General
945 ## - INFORMACIÓN LOCAL DEL REGISTRO
Catalogador JTF-925
Existencias
Estado de Material Estado de Perdido Forma de Clasificación Estado de Dañado No para Préstamo Colección Tomo Biblioteca de Origen Biblioteca Permanente Fecha de Adquisición Área Total de Préstamos Signatura Topográfica Código de Barras Última vez visto Ejemplar/Existencia Fecha de Remplazo Tipo de Material
    Dewey Decimal Classification     Colección General   Biblioteca FUSBC Biblioteca FUSBC 17/05/2020 HISTORIA   G 232.921 W919s 19778 12/12/2019 Ej.1 26/01/2016 Libros General

Biblioteca FUSBC | Teléfono: (57+4) 349 88 10 Ext. 141| WhatsApp (+57) 3005338115 
E-mail: biblioteca@unisbc.edu.co | Calle 76 87-14 Robledo Palenque, Medellín, Colombia

Con tecnología Koha